Estatísticas para Classificação de Orações Coordenadas e Subordinadas

Clique aqui para jogar o quiz

Estatísticas Gerais

  • Esse quiz foi jogado 40 vezes
  • A pontuação média é 9 de 17

Estatísticas das Respostas

oraçãoclassificação% Correto
coordenadaadversativa
86%
coordenadaexplicativa
81%
coordenadaconclusiva
72%
subordinada adverbialcausal
67%
coordenadaaditiva
61%
subordinada adverbialfinal
58%
subordinada adverbialtemporal
58%
subordinadaadjetiva
50%
coordenadaalternativa
50%
subordinada adverbialconcessiva
47%
subordinada adverbialcondicional
47%
subordinadasubstantiva
44%
subordinada adverbialconsecutiva
39%
coordenadaassindética
36%
subordinada adverbialcomparativa
33%
subordinada adverbialproporcional
31%
subordinada adverbialconformativa
14%

Distribuição das Pontuações

Percentil de Números Respondidos

Porcentagem de Pessoas com Cada Pontuação

Sua Pontuação Histórica

Você não jogou esse quiz